Tracts on mathematical and philosophical subjects (Record no. 696)

MARC details
000 -LEADER
fixed length control field 00465nam a2200169Ia 4500
003 - CONTROL NUMBER IDENTIFIER
control field IN-BaIIA
008 - FIXED-LENGTH DATA ELEMENTS--GENERAL INFORMATION
fixed length control field 211028s9999 xx 000 0 eng d
040 ## - CATALOGING SOURCE
Transcribing agency IIA Library
080 ## - UNIVERSAL DECIMAL CLASSIFICATION NUMBER
Universal Decimal Classification number 510
Item number HUT
100 ## - MAIN ENTRY--PERSONAL NAME
Personal name Hutton, Charles
9 (RLIN) 1491
245 #0 - TITLE STATEMENT
Title Tracts on mathematical and philosophical subjects
Remainder of title vol. II
Statement of responsibility, etc. Charles Hutton
260 ## - PUBLICATION, DISTRIBUTION, ETC.
Place of publication, distribution, etc. London
Name of publisher, distributor, etc. F.G and J. Rivington
Date of publication, distribution, etc. 1812
300 ## - PHYSICAL DESCRIPTION
Extent 384p.
650 ## - SUBJECT ADDED ENTRY--TOPICAL TERM
Topical term or geographic name entry element Mathematics
9 (RLIN) 82
650 ## - SUBJECT ADDED ENTRY--TOPICAL TERM
Topical term or geographic name entry element Philosophy
9 (RLIN) 445
942 ## - ADDED ENTRY ELEMENTS (KOHA)
Koha item type Books
Holdings
Withdrawn status Lost status Damaged status Not for loan Home library Current library Shelving location Date acquired Total Checkouts Full call number Barcode Date last seen Price effective from Koha item type
        IIA Library-Bangalore IIA Library-Kodaikanal General Stacks     510/ HUT 719 05/11/2021   Books

Powered by Koha